00549nam a22001697a 450000500170000001000150001702000260003203500140005803700130007208200080008510000200009324500990011326000470021227000790025930000220033850000190036020190719164904.0 aENG-126016 a9788173056192c995.00 aEN-109548 bDBAD/PUB a954 aJain, Meenakshi aFlights of deities and rebirth of temples :cby Meenakshi Jainbepisodes from Indian history / aNew DelhibAryan Books Internationalc2019 aPooja Apartments, 4BbAnsari Road, New Delhie110002maryanbooks@gmail.com ax,405p.c22cm(Hb) aIncludes index